| 000 | 00558nam a2200169 4500 | ||
|---|---|---|---|
| 001 | 110126 | ||
| 003 | ES-MaACL | ||
| 005 | 20230906184959.0 | ||
| 007 | t| | ||
| 008 | 061121s1971 sp r ||||1| spa d | ||
| 100 | 1 |
_aMola de Estebam Cerrada, Fernando. _981836 |
|
| 245 | 1 | 3 |
_aLa ordenanza del vino de Jerez / _cFernando Mola de Estebam Cerrada; prólogo, Tomás García Figueras. |
| 260 |
_aMadrid : _b[s. n.], _c1971 ( _fSeix Barral) |
||
| 300 |
_a231 p. ; _c22 cm. |
||
| 700 | 1 |
_aGarcía Figueras, Tomás. _954615 |
|
| 852 |
_aES-MaACL _jC-45194 _bR.78396 |
||
| 999 |
_c110126 _d110126 |
||